Statistics for British India Cities Map Quiz

Click here to take the quiz!

General Stats

  • This quiz has been taken 34 times
  • The average score is 17 of 23

Answer Stats

Answer % Correct
Delhi
96%
Colombo
89%
Dacca
89%
Karachi
85%
Calcutta
85%
Bombay
85%
Mandalay
81%
Ahmadabad
78%
Chittagong
78%
Hyderabad
74%
Jaipur
74%
Lucknow
74%
Madras
74%
Rangoon
74%
Trivandrum
70%
Bangalore
70%
Amritsar
70%
Quetta
70%
Darjeeling
67%
Peshawar
63%
Cuttack
63%
Patna
59%
Shimla
52%

Score Distribution

Percentile by Number Answered

Percent of People with Each Score

Your Score History

You have not taken this quiz